Normal view
MARC view
- Deans, Winifred M
Entry Personal Name
001 - CONTROL NUMBER
- control field: 40099
003 - CONTROL NUMBER IDENTIFIER
- control field: NUST
005 - DATE AND TIME OF LATEST TRANSACTION
- control field: 20210314131650.0
008 - FIXED-LENGTH DATA ELEMENTS
- fixed length control field: 210314|| aca||aabn | a|a d
040 ## - CATALOGING SOURCE
- Original cataloging agency: NUST
- Transcribing agency: NUST
100 ## - HEADING--PERSONAL NAME
- Personal name: Deans, Winifred M
670 ## - SOURCE DATA FOUND
- Source citation: Work cat.: (NUST): Debye, Peter J. W. 40097, The structure of molecules,, 1932.
